Метрология и основы технического регулирования: учебно-методическое пособие

Dades bibliogràfiques
Autor principal: Спиридонова А. С. Анна Сергеевна
Autor corporatiu: Национальный исследовательский Томский политехнический университет (570)
Altres autors: Кузьминская Е. В. Елена Вячеславовна, Скороспешкин М. В. Максим Владимирович
Sumari:Заглавие с титульного экрана
В пособии изложены учебно-методические материалы по дисциплине «Метрология, стандартизация и сертификация», содержащие описание лабораторных работ, а также рекомендации по их подготовке и проведению. Кратко рассмотрены основные положения по метрологии и стандартизации, приведены основные понятия, отражены особенности обработки результатов измерений. Предназначено для студентов технических специальностей.
AM_TPU_network
Idioma:rus
Publicat: Томск, Изд-во ТПУ, 2024
Matèries:
Accés en línia:https://www.lib.tpu.ru/fulltext2/m/2024/m18.pdf
Format: MixedMaterials Electrònic Llibre
KOHA link:https://koha.lib.tpu.ru/cgi-bin/koha/opac-detail.pl?biblionumber=674967

MARC

LEADER 00000nam0a2200000 4500
001 674967
005 20241028121727.0
090 |a 674967 
100 |a 20240926d2024 m||y0rusy50 ca 
101 0 |a rus 
102 |a RU 
105 |a a j 001yy 
135 |a drcn ---uucaa 
181 0 |a i   |b  e  
182 0 |a b 
183 0 |a cr  |2 RDAcarrier 
200 1 |a Метрология и основы технического регулирования  |e учебно-методическое пособие  |f А. С. Спиридонова, Е. В. Кузьминская, М. В. Скороспешкин  |g Национальный исследовательский Томский политехнический университет 
203 |a Текст  |c электронный  |b визуальный 
210 |a Томск  |d 2024  |c Изд-во ТПУ 
215 |a 1 файл (1,2 MB, 96 с.) 
283 |a online_resource  |2 RDAcarrier 
300 |a Заглавие с титульного экрана 
320 |a Список литературы: с. 88-89 (17 назв.) 
330 |a В пособии изложены учебно-методические материалы по дисциплине «Метрология, стандартизация и сертификация», содержащие описание лабораторных работ, а также рекомендации по их подготовке и проведению. Кратко рассмотрены основные положения по метрологии и стандартизации, приведены основные понятия, отражены особенности обработки результатов измерений. Предназначено для студентов технических специальностей. 
371 0 |a AM_TPU_network 
606 1 |a Метрология  |9 62988 
606 1 |a Стандартизация  |9 83373 
610 1 |a средства измерения 
610 1 |a метрологические характеристики 
610 1 |a косвенные измерения 
610 1 |a обработка результатов 
610 1 |a результаты измерений 
610 1 |a оценивание 
610 1 |a методы измерений 
610 1 |a национальные стандарты 
610 1 |a лабораторные работы 
610 1 |a труды учёных ТПУ 
610 1 |a электронный ресурс 
610 1 |a учебно-методические пособия 
675 |a 006(07)  |v 4 
675 |a 658.516(07)  |v 4 
700 1 |a Спиридонова  |b А. С.  |c специалист в области контрольно-измерительной техники  |c доцент Томского политехнического университета, кандидат технических наук  |f 1980-  |g Анна Сергеевна  |9 14633 
701 1 |a Кузьминская  |b Е. В.  |c специалист в области метрологии  |c доцент Томского политехнического университета, кандидат технических наук   |f 1985-  |g Елена Вячеславовна  |9 20740 
701 1 |a Скороспешкин  |b М. В.  |c специалист в области информатики и вычислительной техники  |c доцент Томского политехнического университета, инженер, кандидат технических наук  |f 1980-  |g Максим Владимирович  |9 11353 
712 0 2 |a Национальный исследовательский Томский политехнический университет  |c (2009- )  |9 26305  |4 570 
801 0 |a RU  |b 63413507  |c 20240926  |g RCR 
856 4 0 |u https://www.lib.tpu.ru/fulltext2/m/2024/m18.pdf  |z https://www.lib.tpu.ru/fulltext2/m/2024/m18.pdf 
942 |c CF